000
00302nam a22001337a 4500
008
180223b xxu||||| |||| 00| 0 eng d
020
_a
9780714857268
041
_a
eng
080
_a
612.39
100
_a
10
101
_a
NUT
245
_a
The silver spoon pasta
_c
Phaidon
942
_2
udc
_c
BK
999
_c
43304
_d
43304